000
00202 a2200097 4500
001
3004
100
_a
Bueche, J
245
_a
Prenciples of physics
260
_a
_b
Mc Graw-hill
_c
090
_c
2289
_d
2289
942
_a
NUST-CAE
_c
M
_c
14324
999
_c
238077
_d
238077